|
|
|
|
| LEADER |
01960nam a2200385 a 4500 |
| 001 |
23714 |
| 003 |
BD-DhAAL |
| 008 |
111017s2008 ncu b 001 0 eng |
| 010 |
|
|
|a 2007047856
|
| 015 |
|
|
|a GBA861478
|2 bnb
|
| 016 |
7 |
|
|a 014601730
|2 Uk
|
| 020 |
|
|
|a 9780822342151 (cloth : alk. paper)
|
| 020 |
|
|
|a 0822342154 (cloth : alk. paper)
|
| 020 |
|
|
|a 9780822342342 (pbk. : alk. paper)
|
| 020 |
|
|
|a 0822342340 (pbk. : alk. paper)
|
| 040 |
|
|
|a DLC
|c DLC
|d YDX
|d BTCTA
|d BAKER
|d YDXCP
|d UKM
|d BWX
|d DLC
|d BD-DhAAL
|
| 043 |
|
|
|a a-ii---
|a e-uk---
|
| 082 |
0 |
0 |
|a 305.48697095414
|2 22
|
| 100 |
1 |
|
|a Sarkar, Mahua.
|9 54528
|
| 245 |
1 |
0 |
|a Visible histories, disappearing women :
|b producing Muslim womanhood in late colonial Bengal /
|c Mahua Sarkar.
|
| 260 |
|
|
|a Durham :
|b Duke University Press,
|c 2008.
|
| 300 |
|
|
|a xi, 338 pages ;
|c 24 cm.
|
| 504 |
|
|
|a Includes bibliographical references (pages [287]-329) and index.
|
| 505 |
0 |
|
|a The colonial cast : the merchant, the soldier, the "writer" (clerk), their lovers, and the trouble with "native women's" histories -- The politics of (in)visibility : Muslim women in (Hindu) nationalist discourse -- Negotiating modernity : the social production of Muslim-ness in late colonial Bengal.
|
| 541 |
|
|
|e 00023714
|
| 650 |
|
0 |
|a Muslim women
|z India
|z West Bengal
|x History
|y 19th century.
|9 54529
|
| 650 |
|
0 |
|a Muslim women
|z India
|z West Bengal
|x Social conditions
|y 19th century.
|9 54530
|
| 650 |
|
0 |
|a Women in Islam.
|
| 651 |
|
0 |
|a West Bengal (India)
|x History
|y 19th century.
|9 54531
|
| 651 |
|
0 |
|a West Bengal (India)
|x Social conditions
|y 19th century.
|9 54532
|
| 651 |
|
0 |
|a Great Britain
|x Colonies
|z Asia
|x Administration.
|9 9964
|
| 852 |
1 |
|
|a Ayesha Abed Library
|c General Stacks
|
| 942 |
|
|
|2 ddc
|c BK
|
| 999 |
|
|
|c 11334
|d 11334
|
| 952 |
|
|
|0 0
|1 0
|2 ddc
|4 0
|6 305_486970954140000_SAR
|7 0
|9 18428
|a BIGD
|b BIGD
|c GEN
|d 2011-10-18
|e BDI
|l 1
|o 305.48697095414 SAR
|p 3050023714
|r 2019-12-18
|s 2019-12-12
|t 1
|w 2011-10-18
|y BK
|x Transferred from BDI to BIGD.
|